<?xml version="1.0" encoding="UTF-8"?><?xml-stylesheet type="text/xsl" href="static/style.xsl"?><OAI-PMH xmlns="http://www.openarchives.org/OAI/2.0/" xmlns:xsi="http://www.w3.org/2001/XMLSchema-instance" xsi:schemaLocation="http://www.openarchives.org/OAI/2.0/ http://www.openarchives.org/OAI/2.0/OAI-PMH.xsd"><responseDate>2026-04-17T05:59:57Z</responseDate><request verb="GetRecord" identifier="oai:www.recercat.cat:2099.1/13789" metadataPrefix="marc">https://recercat.cat/oai/request</request><GetRecord><record><header><identifier>oai:recercat.cat:2099.1/13789</identifier><datestamp>2025-07-17T15:52:54Z</datestamp><setSpec>com_2072_1033</setSpec><setSpec>col_2072_452951</setSpec></header><metadata><record xmlns="http://www.loc.gov/MARC21/slim" xmlns:dcterms="http://purl.org/dc/terms/" xmlns:xsi="http://www.w3.org/2001/XMLSchema-instance" xmlns:doc="http://www.lyncode.com/xoai" xsi:schemaLocation="http://www.loc.gov/MARC21/slim http://www.loc.gov/standards/marcxml/schema/MARC21slim.xsd">
   <leader>00925njm 22002777a 4500</leader>
   <datafield ind2=" " ind1=" " tag="042">
      <subfield code="a">dc</subfield>
   </datafield>
   <datafield ind2=" " ind1=" " tag="720">
      <subfield code="a">Antolínez García, Iván</subfield>
      <subfield code="e">author</subfield>
   </datafield>
   <datafield ind2=" " ind1=" " tag="720">
      <subfield code="a">Rodríguez Forés, Sergi</subfield>
      <subfield code="e">author</subfield>
   </datafield>
   <datafield ind2=" " ind1=" " tag="260">
      <subfield code="c">2011-06-27</subfield>
   </datafield>
   <datafield ind2=" " ind1=" " tag="520">
      <subfield code="a">L’idea sorgeix d’un dels professors del departament d’expressió gràfica a l’enginyeria de&#xd;
l’Escola Politècnica Superior d’Enginyeria de Vilanova i la Geltrú, Manel López Membrilla.&#xd;
Després de definir uns objectius coherents i atractius vam començar amb el&#xd;
desenvolupament del projecte.&#xd;
El principal objectiu d’aquest projecte és el de realitzar el disseny complet d’un robot capaç&#xd;
de gravar l’interior de les canonades de la xarxa d’aigua potable d’una ciutat amb la intenció&#xd;
de detectar possibles fuites o esquerdes per les que es perdi l’aigua. El disseny d’aquest&#xd;
consistirà en la definició de tots els seus components i de l’assemblatge virtual del conjunt.&#xd;
La primera tasca a realitzar va ser la de recerca d’informació, tant referent a robots&#xd;
d’inspecció com a la xarxa d’aigua potable de la ciutat de Vilanova i la Geltrú. Per això vam&#xd;
consultar diferents llibres i pàgines web, i ens vam posar en contacte amb la Companyia&#xd;
d’Aigües de Vilanova i la Geltrú.&#xd;
A continuació vam realitzar els primers esbossos que ens van ajudar a definir el que seria el&#xd;
primer disseny del robot. Després de descartar-lo per ser inviable el mecanisme de tracció,&#xd;
vam seguir desenvolupant el disseny fins a arribar al que creiem és l’òptim per assolir els&#xd;
objectius plantejats al inici del projecte.&#xd;
Els programes informàtics que hem utilitzat per a la realització d’aquest projecte han estat&#xd;
Catia v5 R18 pel disseny de tots els components mecànics i l’assemblatge del conjunt&#xd;
virtual, Unigraphics NX6 per a les simulacions de fluids, Proteus 7 per a la realització de&#xd;
l’esquema elèctric del circuit controlador i el paquet Office 2007 per l’elaboració de la&#xd;
memòria del projecte.</subfield>
   </datafield>
   <datafield tag="653" ind2=" " ind1=" ">
      <subfield code="a">Àrees temàtiques de la UPC::Informàtica</subfield>
   </datafield>
   <datafield tag="653" ind2=" " ind1=" ">
      <subfield code="a">Autonomous robots</subfield>
   </datafield>
   <datafield tag="653" ind2=" " ind1=" ">
      <subfield code="a">Robot</subfield>
   </datafield>
   <datafield tag="653" ind2=" " ind1=" ">
      <subfield code="a">Càmera CCTV</subfield>
   </datafield>
   <datafield tag="653" ind2=" " ind1=" ">
      <subfield code="a">Mecanisme obertura</subfield>
   </datafield>
   <datafield tag="653" ind2=" " ind1=" ">
      <subfield code="a">Inspecció</subfield>
   </datafield>
   <datafield tag="653" ind2=" " ind1=" ">
      <subfield code="a">Posicionador</subfield>
   </datafield>
   <datafield tag="653" ind2=" " ind1=" ">
      <subfield code="a">Brida</subfield>
   </datafield>
   <datafield tag="653" ind2=" " ind1=" ">
      <subfield code="a">Canonada</subfield>
   </datafield>
   <datafield tag="653" ind2=" " ind1=" ">
      <subfield code="a">Ales</subfield>
   </datafield>
   <datafield tag="653" ind2=" " ind1=" ">
      <subfield code="a">Aigua potable</subfield>
   </datafield>
   <datafield tag="653" ind2=" " ind1=" ">
      <subfield code="a">PVC</subfield>
   </datafield>
   <datafield tag="653" ind2=" " ind1=" ">
      <subfield code="a">Robots autònoms</subfield>
   </datafield>
   <datafield ind2="0" ind1="0" tag="245">
      <subfield code="a">Disseny d’un robot teledirigit per a inspeccionar canalitzacions d’aigua potable</subfield>
   </datafield>
</record></metadata></record></GetRecord></OAI-PMH>